00469nam a22001577a 450000500170000000800410001702000180005804100080007608200150008410000200009924500760011926000340019530000080022936500180023765000560025520250221140704.0250221b |||||||| |||| 00| 0 eng d a9780143469124 aEng a158.1bLIB aLibrary Mindset aThe Art of LazinessbOvercome Procrastination & Boost Your Productivity aIndiabPenguin Businessc2024 a182 b299.00cRs.00 aApplied PsychologyvPersonal Improvement & Analysis